000 00630nam a22002177a 4500
003 UA-OsUOA
001 103915
007 ta
008 20131126b un ||||| |||| 00| 0 ukr d
090 _a821.161.1
_bП71
942 _cBK
040 _aUA-OsUOA
_brus
_cUA-OsUOA
_dUA-OsUOA
245 _aНародные русские сказки
_bв трех томах
_cЛ. Г. Бараг, Н. В. Новиков
_n2
300 _a464 с.
955 _a3
041 _arus
080 _a821.161.1
260 _aМ.
_bНаука
_c1985
650 7 _a82 Література. Літературознавство
_2UDC
999 _c390547
_d390547